000
00273nam a2200097Ia 4500
001
646859
005
20250826153650.0
008
250824s9999 xx 000 0 und d
245
0
_a
DOMANİÇ DAĞLARININ YOLCUSU TİMAŞ EDEBİYAT
_c
ŞUKUFE NİHAL
260
_b
TİMAŞ KÜLTÜR
999
_c
646859
_d
646859